[Event "Niederoesterreich Landesliga 1819"]
[Site "Austria"]
[Date "2019.01.27"]
[Round "7.4"]
[White "Wallner, Erich"]
[Black "Plasil, Jiri"]
[Result "1-0"]
[WhiteElo "2223"]
[BlackElo "2048"]
[PlyCount "81"]
[EventDate "2018.09.30"]
[EventType "team-tourn"]
[EventRounds "11"]
[EventCountry "AUT"]
[SourceTitle "CBM 189 Extra"]
[Source "ChessBase"]
[SourceDate "2019.06.03"]
[SourceVersion "1"]
[SourceVersionDate "2019.06.03"]
[SourceQuality "1"]
[WhiteTeam "Krems Voest"]
[BlackTeam "Litschau/Eisgarn"]
[WhiteTeamCountry "AUT"]
[BlackTeamCountry "AUT"]

1. d4 d5 2. Nf3 e6 3. Bf4 f5 4. e3 Nf6 5. Bd3 Nbd7 6. 0-0 Be7 7. Nbd2 0-0 8. c3 Ne4 9. Ne5 c6 10. f3 Nxd2 11. Qxd2 Nxe5 12. Bxe5 Bf6 13. Bxf6 Qxf6 14. e4 Bd7 15. Rae1 Rae8 16. exf5 exf5 17. f4 Rxe1 18. Rxe1 Re8 19. Rxe8+ Bxe8 20. Qe3 Bf7 21. Qe5 Qxe5 22. fxe5 Be6 23. h4 g6 24. Kf2 Kg7 25. Ke3 h6 26. Kf4 Kf7 27. a4 b6 28. Ba6 Ke7 29. b4 Bd7 30. Bb7 Ke6 31. Ba6 Ke7 32. Bd3 Kf7 33. Be2 h5 34. Kg5 Be8 35. Ba6 Ke6 36. g3 c5 37. a5 cxb4 38. cxb4 bxa5 39. bxa5 Bf7 40. Bc8+ Ke7 41. e6 1-0

[Event "Niederoesterreich Landesliga 1718"]
[Site "Austria"]
[Date "2018.04.15"]
[Round "11.3"]
[White "Piringer, Florian"]
[Black "Plasil, Jiri"]
[Result "1/2-1/2"]
[WhiteElo "2183"]
[BlackElo "2069"]
[PlyCount "112"]
[EventDate "2017.10.01"]
[EventType "team-tourn"]
[EventRounds "11"]
[EventCountry "AUT"]
[SourceTitle "EXT 2021"]
[Source "ChessBase"]
[SourceDate "2020.10.23"]
[SourceVersion "1"]
[SourceVersionDate "2020.10.23"]
[SourceQuality "1"]
[WhiteTeam "Stockerau"]
[BlackTeam "Litschau/Eisgarn"]
[WhiteTeamCountry "AUT"]
[BlackTeamCountry "AUT"]

1. d4 d5 2. Bf4 Nf6 3. e3 Bf5 4. Nf3 h6 5. h3 c6 6. c4 e6 7. Be2 Bxb1 8. Qxb1 Qa5+ 9. Kf1 dxc4 10. Bxc4 Nbd7 11. Ke2 Be7 12. a3 Nd5 13. Bh2 0-0 14. Rc1 Rac8 15. Rc2 Qd8 16. Qd1 N7b6 17. Ba2 Bd6 18. Bxd6 Qxd6 19. Rac1 Rcd8 20. Kf1 Qe7 21. Qe2 Qf6 22. Kg1 Rfe8 23. Ne5 Nd7 24. f4 Nxe5 25. fxe5 Qg5 26. Re1 Rd7 27. b4 a6 28. Qf3 Rf8 29. Qe4 Qf5 30. Qxf5 exf5 31. Rf2 g6 32. g3 Kg7 33. Rc2 Re8 34. Kf2 f6 35. Bxd5 Rxd5 36. exf6+ Kxf6 37. Rc5 Red8 38. Ke2 Ke6 39. Kd3 Kd6 40. g4 Re8 41. gxf5 gxf5 42. Rg1 Re6 43. Rg8 Rf6 44. h4 Ke6 45. e4 fxe4+ 46. Kxe4 Rd7 47. Rh5 Kf7 48. Rh8 Kg7 49. Rb8 Rfd6 50. Ke3 Kg6 51. Re5 Rxd4 52. Rxb7 Rd3+ 53. Ke2 Rd2+ 54. Ke3 R2d3+ 55. Ke2 Rd2+ 56. Ke1 Rd1+ 1/2-1/2

[Event "Niederoesterreich Landesliga 1718"]
[Site "Austria"]
[Date "2018.03.18"]
[Round "10.3"]
[White "Plasil, Jiri"]
[Black "Haas, Bernhard"]
[Result "1-0"]
[WhiteElo "2069"]
[BlackElo "2002"]
[PlyCount "67"]
[EventDate "2017.10.01"]
[EventType "team-tourn"]
[EventRounds "11"]
[EventCountry "AUT"]
[SourceTitle "EXT 2019"]
[Source "ChessBase"]
[SourceDate "2018.10.10"]
[SourceVersion "1"]
[SourceVersionDate "2018.10.10"]
[SourceQuality "1"]
[WhiteTeam "Litschau/Eisgarn"]
[BlackTeam "Kottingbrunn"]
[WhiteTeamCountry "AUT"]
[BlackTeamCountry "AUT"]

1. d4 Nf6 2. Nf3 g6 3. c4 Bg7 4. Nc3 d6 5. e4 0-0 6. h3 c5 7. d5 e6 8. Bd3 Na6 9. 0-0 exd5 10. exd5 Nc7 11. a4 b6 12. Be3 a6 13. Qd2 Re8 14. Bg5 Qd7 15. Rae1 Bb7 16. Rxe8+ Rxe8 17. Re1 Rxe1+ 18. Qxe1 b5 19. axb5 axb5 20. b3 h6 21. Bf4 Nh5 22. Bd2 f5 23. Nh4 Qf7 24. Qe2 Be5 25. Nxb5 Nxb5 26. cxb5 Bxd5 27. Bc4 Bxc4 28. bxc4 g5 29. Nf3 Nf4 30. Bxf4 Bxf4 31. g3 Bc1 32. Qd3 Qe6 33. Qd5 Kf7 34. b6 1-0

[Event "Niederoesterreich Landesliga 1617"]
[Site "Austria"]
[Date "2017.04.23"]
[Round "11.3"]
[White "Schmid, Thomas"]
[Black "Plasil, Jiri"]
[Result "0-1"]
[WhiteElo "2110"]
[BlackElo "2065"]
[PlyCount "108"]
[EventDate "2016.10.02"]
[EventType "team-tourn"]
[EventRounds "11"]
[EventCountry "AUT"]
[SourceTitle "EXT 2018"]
[Source "ChessBase"]
[SourceDate "2017.10.13"]
[SourceVersion "1"]
[SourceVersionDate "2017.10.13"]
[SourceQuality "1"]
[WhiteTeam "Stockerau"]
[BlackTeam "Litschau/Eisgarn"]
[WhiteTeamCountry "AUT"]
[BlackTeamCountry "AUT"]

1. e4 d5 2. exd5 Qxd5 3. Nc3 Qa5 4. d4 Nf6 5. Nf3 Bg4 6. h3 Bxf3 7. Qxf3 c6 8. Bd2 Qb6 9. 0-0-0 e6 10. Bf4 Nbd7 11. g4 Bb4 12. Ne4 Nxe4 13. Qxe4 Qa5 14. Kb1 Nf6 15. Qe5 Qxe5 16. Bxe5 Ne4 17. Rh2 Nd2+ 18. Kc1 Nxf1 19. Rxf1 0-0 20. c3 Be7 21. h4 Rfd8 22. g5 Rac8 23. f3 f6 24. gxf6 gxf6 25. Bf4 Kf7 26. Rg2 Rg8 27. Rfg1 Rxg2 28. Rxg2 h5 29. Bh6 Rg8 30. Rxg8 Kxg8 31. Bf4 Kf7 32. Kd2 Kg6 33. Kd3 Kf5 34. Bg3 Bf8 35. a4 Bh6 36. b4 Bf4 37. Bf2 a6 38. a5 Bd6 39. Be3 Bg3 40. Kc4 Bxh4 41. Kc5 Be1 42. Kb6 h4 43. Kxb7 h3 44. Bg1 Bxc3 45. Kxa6 Bxb4 46. Kb6 Bxa5+ 47. Kxa5 Kf4 48. Kb6 Kxf3 49. Bh2 Kg2 50. Bf4 h2 51. Bxh2 Kxh2 52. Kxc6 f5 53. Kd6 f4 54. Kxe6 f3 0-1

[Event "Niederoesterreich Landesliga 1617"]
[Site "Austria"]
[Date "2017.01.22"]
[Round "5.4"]
[White "Pammer, Andreas"]
[Black "Plasil, Jiri"]
[Result "1-0"]
[WhiteElo "2101"]
[BlackElo "2065"]
[PlyCount "77"]
[EventDate "2016.10.02"]
[EventType "team-tourn"]
[EventRounds "11"]
[EventCountry "AUT"]
[SourceTitle "EXT 2018"]
[Source "ChessBase"]
[SourceDate "2017.10.13"]
[SourceVersion "1"]
[SourceVersionDate "2017.10.13"]
[SourceQuality "1"]
[WhiteTeam "Bisamberg/Korneuburg"]
[BlackTeam "Litschau/Eisgarn"]
[WhiteTeamCountry "AUT"]
[BlackTeamCountry "AUT"]

1. c4 e5 2. Nc3 Nc6 3. g3 d6 4. Bg2 g6 5. d3 Bg7 6. e3 Be6 7. Nge2 Qd7 8. Nd5 Nd8 9. e4 c6 10. Ne3 Bh3 11. 0-0 Bxg2 12. Kxg2 Ne6 13. f4 exf4 14. Nxf4 Nxf4+ 15. Rxf4 h5 16. Rb1 Ne7 17. b3 Rf8 18. Bb2 Bh6 19. Rf3 0-0-0 20. Bf6 Rde8 21. b4 Ng8 22. Bd4 b6 23. Qa4 Bxe3 24. Bxe3 f6 25. c5 dxc5 26. bxc5 b5 27. Qb3 Kb7 28. a4 a6 29. Qc3 g5 30. Ra1 Ra8 31. Raf1 Rfd8 32. d4 Qe6 33. e5 fxe5 34. Rf7+ Rd7 35. Rxd7+ Qxd7 36. dxe5 Qd5+ 37. Kg1 g4 38. Qa5 Qd8 39. Rf7+ 1-0

[Event "Niederoesterreich Landesliga 1617"]
[Site "Austria"]
[Date "2016.12.11"]
[Round "4.3"]
[White "Steiner, Heinz"]
[Black "Plasil, Jiri"]
[Result "1-0"]
[WhiteElo "2140"]
[BlackElo "2065"]
[PlyCount "97"]
[EventDate "2016.10.02"]
[EventType "team-tourn"]
[EventRounds "11"]
[EventCountry "AUT"]
[SourceTitle "EXT 2018"]
[Source "ChessBase"]
[SourceDate "2017.10.13"]
[SourceVersion "1"]
[SourceVersionDate "2017.10.13"]
[SourceQuality "1"]
[WhiteTeam "Mostarrichi"]
[BlackTeam "Litschau/Eisgarn"]
[WhiteTeamCountry "AUT"]
[BlackTeamCountry "AUT"]

1. c4 e6 2. e4 d6 3. Nc3 g6 4. d4 Bg7 5. Be3 b6 6. Nf3 Bb7 7. Be2 Nd7 8. h3 Ne7 9. 0-0 0-0 10. Qd2 d5 11. cxd5 exd5 12. e5 Nf5 13. Bf4 a6 14. g4 Ne7 15. Ng5 h6 16. Nf3 Kh7 17. Bd3 Rg8 18. Rae1 Nf8 19. Be3 Ne6 20. Bb1 c5 21. Ne2 c4 22. Kg2 Qf8 23. h4 Kh8 24. Ng3 Kh7 25. Rh1 Rh8 26. Nf5 Kg8 27. Nd6 Bc6 28. h5 g5 29. Bf5 Nc8 30. Nxc4 dxc4 31. d5 Bxd5 32. Qxd5 Ne7 33. Qxc4 b5 34. Qb3 Nc7 35. Be4 Rd8 36. Rd1 Rxd1 37. Rxd1 Qc8 38. Kg3 Ne6 39. Rd6 Bf8 40. Qa3 Qc4 41. Bd3 Qc7 42. Qxa6 Nf4 43. Bxf4 gxf4+ 44. Kxf4 Qc1+ 45. Kg3 Qxb2 46. Bxb5 Kg7 47. Rd7 Qb4 48. Qf6+ Kg8 49. Bd3 1-0

[Event "Niederoesterreich Landesliga 1516"]
[Site "Austria"]
[Date "2016.04.03"]
[Round "11.4"]
[White "Plasil, Jiri"]
[Black "Mayer, Josef"]
[Result "1/2-1/2"]
[WhiteElo "2118"]
[BlackElo "2062"]
[PlyCount "49"]
[EventDate "2015.09.27"]
[EventType "team-tourn"]
[EventRounds "11"]
[EventCountry "AUT"]
[SourceTitle "EXT 2017"]
[Source "ChessBase"]
[SourceDate "2016.10.25"]
[SourceVersion "1"]
[SourceVersionDate "2016.10.25"]
[SourceQuality "1"]
[WhiteTeam "Litschau/Eisgarn"]
[BlackTeam "Mistelbach"]
[WhiteTeamCountry "AUT"]
[BlackTeamCountry "AUT"]

1. d4 Nf6 2. Nf3 g6 3. Bg5 Bg7 4. Nc3 c5 5. e3 0-0 6. Bxf6 Bxf6 7. Ne4 d6 8. Nxf6+ exf6 9. c3 b6 10. Be2 Bb7 11. 0-0 Qe7 12. Nd2 Nd7 13. Bf3 Bxf3 14. Qxf3 f5 15. Qf4 Nf6 16. Rfd1 Rad8 17. Qh4 Rfe8 18. Nf1 Kg7 19. dxc5 dxc5 20. Qa4 Qb7 21. c4 Rxd1 22. Rxd1 Re7 23. f3 Rd7 24. Rxd7 Qxd7 25. Qxd7 1/2-1/2

[Event "Niederoesterreich Landesliga 1516"]
[Site "Austria"]
[Date "2016.02.28"]
[Round "9.3"]
[White "Danner, Lambert"]
[Black "Plasil, Jiri"]
[Result "1/2-1/2"]
[WhiteElo "2110"]
[BlackElo "2118"]
[PlyCount "81"]
[EventDate "2015.09.27"]
[EventType "team-tourn"]
[EventRounds "11"]
[EventCountry "AUT"]
[SourceTitle "EXT 2017"]
[Source "ChessBase"]
[SourceDate "2016.10.25"]
[SourceVersion "1"]
[SourceVersionDate "2016.10.25"]
[SourceQuality "1"]
[WhiteTeam "Boehlerwerk"]
[BlackTeam "Litschau/Eisgarn"]
[WhiteTeamCountry "AUT"]
[BlackTeamCountry "AUT"]

1. g3 d5 2. c4 e6 3. Bg2 c6 4. Nf3 f5 5. 0-0 Nf6 6. d3 Bd6 7. Nbd2 0-0 8. Qc2 f4 9. d4 Qe8 10. Ne5 fxg3 11. fxg3 Nbd7 12. Nxd7 Bxd7 13. e4 Ng4 14. Nf3 dxe4 15. Qxe4 e5 16. c5 Bc7 17. dxe5 Nxe5 18. Nxe5 Rxf1+ 19. Bxf1 Bxe5 20. Bc4+ Kh8 21. a4 Bf6 22. Qe3 Qh5 23. Qf2 Qd1+ 24. Kg2 Qg4 25. Qf4 Bd4 26. Qxg4 Bxg4 27. Bf4 Bxc5 28. h3 Bf5 29. Re1 Bb4 30. Re5 Bg6 31. Re2 Re8 32. Be5 Rf8 33. Bd4 b6 34. a5 bxa5 35. Bxa7 h6 36. Bd4 Bf7 37. Bxf7 Rxf7 38. Re6 Rd7 39. Rxh6+ Kg8 40. Rh4 c5 41. Be3 1/2-1/2

[Event "Niederoesterreich Landesliga 1415"]
[Site "Austria"]
[Date "2015.03.22"]
[Round "11.2"]
[White "Steiner, Heinz"]
[Black "Plasil, Jiri"]
[Result "1-0"]
[WhiteElo "2108"]
[BlackElo "2120"]
[PlyCount "107"]
[EventDate "2014.10.05"]
[EventType "team-tourn"]
[EventRounds "11"]
[EventCountry "AUT"]
[SourceTitle "EXT 2016"]
[Source "ChessBase"]
[SourceDate "2015.10.08"]
[SourceVersion "1"]
[SourceVersionDate "2015.10.08"]
[SourceQuality "1"]
[WhiteTeam "Mostarrichi"]
[BlackTeam "Litschau/Eisgarn"]
[WhiteTeamCountry "AUT"]
[BlackTeamCountry "AUT"]

1. c4 e5 2. Nc3 Nc6 3. g3 d6 4. Bg2 g6 5. e3 Bg7 6. Nge2 Nf6 7. d4 0-0 8. 0-0 exd4 9. exd4 Bf5 10. a3 a5 11. h3 Re8 12. Kh2 Rb8 13. Bg5 Ne7 14. Qd2 Be6 15. d5 Bd7 16. Rad1 b6 17. Nd4 Kh8 18. Rfe1 Neg8 19. Ncb5 h6 20. Be3 Qc8 21. Na7 Qa6 22. Nac6 Rbc8 23. Qc1 Kh7 24. b4 Ne7 25. b5 Qa8 26. g4 Bxc6 27. bxc6 Neg8 28. Qc2 Re7 29. Nb5 Rce8 30. Bd2 Qd8 31. Bf3 Rxe1 32. Rxe1 Rxe1 33. Bxe1 Ne8 34. Kg2 Qe7 35. Bd2 Be5 36. Be4 Kg7 37. f4 Bf6 38. Qd3 Qf8 39. Kg3 Bd8 40. h4 Ne7 41. Bc3+ Kg8 42. g5 h5 43. f5 Nxf5+ 44. Bxf5 gxf5 45. Qxf5 Qe7 46. Qf3 Ng7 47. Kg2 Qf8 48. Bd4 Kh7 49. Nc3 Kg8 50. Ne4 Be7 51. Nf6+ Bxf6 52. gxf6 Qe8 53. fxg7 Qe1 54. Qe3 1-0

[Event "Niederoesterreich Landesliga 1415"]
[Site "Austria"]
[Date "2014.10.05"]
[Round "1.2"]
[White "Plasil, Jiri"]
[Black "Juenger, Heinz"]
[Result "1-0"]
[WhiteElo "2120"]
[BlackElo "2117"]
[PlyCount "81"]
[EventDate "2014.10.05"]
[EventType "team-tourn"]
[EventRounds "11"]
[EventCountry "AUT"]
[SourceTitle "EXT 2016"]
[Source "ChessBase"]
[SourceDate "2015.10.08"]
[SourceVersion "1"]
[SourceVersionDate "2015.10.08"]
[SourceQuality "1"]
[WhiteTeam "Litschau/Eisgarn"]
[BlackTeam "Baden Invest II"]
[WhiteTeamCountry "AUT"]
[BlackTeamCountry "AUT"]

1. e4 e5 2. Bc4 Nc6 3. d3 Nf6 4. Bg5 h6 5. Bh4 Be7 6. a3 d6 7. h3 Be6 8. Bxe6 fxe6 9. Nd2 0-0 10. Ngf3 Qe8 11. Qe2 Rb8 12. g4 Nh7 13. Bxe7 Qxe7 14. c3 Rf4 15. Rh2 Qf6 16. Ng1 g5 17. f3 Qg7 18. h4 Ne7 19. hxg5 hxg5 20. Qe3 c5 21. Ne2 Rf6 22. 0-0-0 Rh6 23. Rdh1 Rxh2 24. Rxh2 Ng6 25. Rh5 Nf4 26. Nxf4 exf4 27. Qe2 b5 28. e5 d5 29. Nb3 Rc8 30. d4 c4 31. Nc5 Nf8 32. Qh2 a5 33. Rh6 Rc6 34. Qh5 Rb6 35. Rf6 b4 36. Qe8 bxc3 37. bxc3 Rb1+ 38. Kxb1 Qh7+ 39. Rg6+ Qxg6+ 40. Qxg6+ Nxg6 41. Nxe6 1-0

[Event "CZE-chT2A 1112"]
[Site "Czech Republic"]
[Date "2012.02.19"]
[Round "8.1"]
[White "Kopecky, Pavel"]
[Black "Plasil, Jiri"]
[Result "1/2-1/2"]
[WhiteElo "2252"]
[BlackElo "2110"]
[PlyCount "68"]
[EventDate "2011.10.09"]
[EventType "team-tourn"]
[EventRounds "11"]
[EventCountry "CZE"]
[SourceTitle "EXT 2013"]
[Source "ChessBase"]
[SourceDate "2012.11.22"]
[SourceVersion "1"]
[SourceVersionDate "2012.11.22"]
[SourceQuality "1"]
[WhiteTeam "Zizkov"]
[BlackTeam "Jindrichuv Hradec"]
[WhiteTeamCountry "CZE"]
[BlackTeamCountry "CZE"]

1. e4 e5 2. Nf3 f5 3. d3 d6 4. Nc3 Nf6 5. exf5 Bxf5 6. Nh4 Bg4 7. Be2 Bxe2 8. Qxe2 Nc6 9. Be3 Qd7 10. d4 Qg4 11. Nf3 e4 12. Ng5 Qxe2+ 13. Kxe2 d5 14. f3 h6 15. Ne6 exf3+ 16. Kxf3 Kd7 17. Nf4 Ne7 18. g4 c6 19. Nce2 Ne4 20. Ng3 Nxg3 21. Kxg3 g5 22. Ng2 Ng6 23. h4 Bd6+ 24. Kh3 Rae8 25. h5 Nf8 26. Rae1 Ne6 27. Rhf1 Rhf8 28. c3 b6 29. Bd2 b5 30. Rf5 Bf4 31. Rxf8 Rxf8 32. Bxf4 Nxf4+ 33. Nxf4 Rxf4 34. Kg3 Rf6 1/2-1/2

[Event "CZE-chT2A 1112"]
[Site "Czech Republic"]
[Date "2012.02.05"]
[Round "7"]
[White "Plasil, Jiri"]
[Black "Herejk, Petr"]
[Result "1/2-1/2"]
[WhiteElo "2110"]
[BlackElo "2169"]
[PlyCount "74"]
[EventDate "2011.10.09"]
[EventType "team-tourn"]
[EventRounds "11"]
[EventCountry "CZE"]
[SourceTitle "EXT 2013"]
[Source "ChessBase"]
[SourceDate "2012.11.22"]
[SourceVersion "1"]
[SourceVersionDate "2012.11.22"]
[SourceQuality "1"]
[WhiteTeam "Jindrichuv Hradec"]
[BlackTeam "Line"]
[WhiteTeamCountry "CZE"]
[BlackTeamCountry "CZE"]

1. Nf3 Nf6 2. g3 g6 3. Bg2 Bg7 4. 0-0 0-0 5. c4 d6 6. d4 Nc6 7. Nc3 a6 8. h3 Rb8 9. a4 h6 10. e3 e5 11. d5 Ne7 12. b4 Nd7 13. Qc2 c5 14. Ba3 b6 15. Rab1 Qc7 16. Nd2 f5 17. Rb3 e4 18. Rfb1 cxb4 19. Bxb4 Bb7 20. Qa2 Ba8 21. Ne2 g5 22. Nd4 Bxd4 23. exd4 Rbe8 24. Re1 Bb7 25. Qa3 Nc8 26. Qc1 Nf6 27. g4 fxg4 28. Nxe4 Nxe4 29. Bxe4 Qf7 30. Qc2 Qf4 31. hxg4 Qxg4+ 32. Rg3 Qf4 33. Bg2 Rxe1+ 34. Bxe1 Ne7 35. Rf3 Qg4 36. Rg3 Qf4 37. Rf3 Qg4 1/2-1/2

[Event "CZE-chT2A 1112"]
[Site "Czech Republic"]
[Date "2012.01.08"]
[Round "5"]
[White "Plasil, Jiri"]
[Black "Simecek, Bohumil"]
[Result "1/2-1/2"]
[WhiteElo "2110"]
[BlackElo "2133"]
[PlyCount "22"]
[EventDate "2011.10.09"]
[EventType "team-tourn"]
[EventRounds "11"]
[EventCountry "CZE"]
[SourceTitle "EXT 2013"]
[Source "ChessBase"]
[SourceDate "2012.11.22"]
[SourceVersion "1"]
[SourceVersionDate "2012.11.22"]
[SourceQuality "1"]
[WhiteTeam "Jindrichuv Hradec"]
[BlackTeam "Cesky Krumlov"]
[WhiteTeamCountry "CZE"]
[BlackTeamCountry "CZE"]

1. d4 d5 2. c4 c6 3. cxd5 cxd5 4. Nc3 Nf6 5. Nf3 Nc6 6. Qb3 Na5 7. Qc2 a6 8. Bg5 e6 9. e3 Be7 10. Bd3 h6 11. Bf4 Bd7 1/2-1/2

[Event "CZE-chT2A 1112"]
[Site "Czech Republic"]
[Date "2011.11.20"]
[Round "3"]
[White "Plasil, Jiri"]
[Black "Turner, Radek"]
[Result "0-1"]
[WhiteElo "2110"]
[BlackElo "2128"]
[PlyCount "106"]
[EventDate "2011.10.09"]
[EventType "team-tourn"]
[EventRounds "11"]
[EventCountry "CZE"]
[SourceTitle "EXT 2013"]
[Source "ChessBase"]
[SourceDate "2012.11.22"]
[SourceVersion "1"]
[SourceVersionDate "2012.11.22"]
[SourceQuality "1"]
[WhiteTeam "Jindrichuv Hradec"]
[BlackTeam "Domazlice"]
[WhiteTeamCountry "CZE"]
[BlackTeamCountry "CZE"]

1. e4 e6 2. Qe2 c5 3. Nf3 Nc6 4. g3 d6 5. Bg2 g6 6. c3 Bg7 7. d3 Nge7 8. 0-0 0-0 9. Na3 Rb8 10. Nc2 e5 11. Nh4 Be6 12. Be3 Qd7 13. Qd2 b6 14. d4 cxd4 15. cxd4 d5 16. exd5 Nxd5 17. Bh6 Nde7 18. Bxg7 Kxg7 19. Nf3 e4 20. Ng5 Bc4 21. Rfd1 f5 22. b3 Bd5 23. Nh3 h6 24. Nf4 Rfe8 25. h4 Rbc8 26. Rac1 Nd8 27. Bf1 Ne6 28. Nb4 Nxf4 29. Qxf4 Bb7 30. Bc4 Ng8 31. a4 Qe7 32. Nc2 Nf6 33. Ne3 Qc7 34. Ng2 Re7 35. Qd2 Qd6 36. Nf4 Rd8 37. d5 Kh7 38. Qe2 e3 39. f3 g5 40. hxg5 hxg5 41. Qh2+ Kg7 42. Ne2 Rh8 43. Qg2 Kf8 44. Nd4 Reh7 45. Rd3 f4 46. Ne6+ Ke7 47. Nxg5 Rg7 48. gxf4 Qxf4 49. d6+ Ke8 50. Bb5+ Nd7 51. Bxd7+ Rxd7 52. Rc4 Qe5 53. Rc2 Qa1+ 0-1

[Event "CZE-chT2A 0809"]
[Site "Czech Republic"]
[Date "2008.11.23"]
[Round "3.3"]
[White "Plasil, Jiri"]
[Black "Jandecka, Tomas"]
[Result "1/2-1/2"]
[WhiteElo "2088"]
[BlackElo "2214"]
[PlyCount "60"]
[EventDate "2008.10.12"]
[EventType "team-tourn"]
[EventRounds "11"]
[EventCountry "CZE"]
[SourceTitle "EXT 2010"]
[Source "ChessBase"]
[SourceDate "2010.11.25"]
[SourceVersion "1"]
[SourceVersionDate "2010.11.25"]
[SourceQuality "1"]
[WhiteTeam "Ceske Budejovice II"]
[BlackTeam "Zizkov"]
[WhiteTeamCountry "CZE"]
[BlackTeamCountry "CZE"]

1. e4 d5 2. exd5 Nf6 3. d4 Nxd5 4. Nf3 Bg4 5. Be2 e6 6. 0-0 Nc6 7. c3 Be7 8. Ne5 Nxe5 9. dxe5 Bxe2 10. Qxe2 0-0 11. Qg4 f5 12. Qc4 Qd7 13. Nd2 b5 14. Qd3 Rfd8 15. Nf3 a6 16. Bd2 h6 17. Rad1 Bc5 18. Qe2 Qe8 19. Bc1 Rd7 20. Rd3 Rad8 21. Rfd1 Qe7 22. Qc2 Qf7 23. a3 Nb6 24. b3 Rxd3 25. Rxd3 Rxd3 26. Qxd3 Qd7 27. Ne1 Qd5 28. Qxd5 exd5 29. Bb2 a5 30. Nd3 Be7 1/2-1/2